Természettudományos világkép vagy világnézet?
Elmentve itt :
| Szerző: | |
|---|---|
| Adatforrás: | Philobibl |
| Forrásdokumentuma: | Magyar Pedagógia 1947. p. 38-40. |
| Dokumentumtípus: | Cikk |
| Nyelv: | magyar |
| Kulcsszavak: | filozófia, marxista |
| LEADER | 00337nab a2200109 c 4500 | ||
|---|---|---|---|
| 001 | bibPHI0037106 | ||
| 005 | 20200924123748.6 | ||
| 008 | 100311s1947 hu hun | ||
| 100 | 1 | |a Koczkás Gyula | |
| 245 | 1 | 0 | |a Természettudományos világkép vagy világnézet? |c Koczkás Gyula |
| 695 | |a filozófia, marxista | ||
| 773 | 0 | |t Magyar Pedagógia |g 1947. p. 38-40. | |